00703nam a2200193 a 450000100100000000500170001000800410002702000150006804000250008308200150010810000440012324500870016726000290025430000210028349000340030483000410033895201130037999900170049200003648720200930075747.0120118s1985 sp 000 0 spa d a8430908293 aDO-SdBNPbspacBNPHU axxxxbS2111 aSánchez Guzman, José Ramón96271810aIntroducción a la teoría de la publicidad. /cJosé Ramón Sánchez Guzman. aMadrid :bTecnos,c1985. a501 p. ;c22 cm.1 aCiencias de la comunicación 0aCiencias de la comunicación962719 001050718MOaGRbGRcCTd2012-01-18iLF1l0oxxxx S211p36488-10r2020-06-25w2020-06-25y1ZNo se presta c35978d35978